| 000 | 00848nas a2200277 4500 | ||
|---|---|---|---|
| 001 | BR0804318 | ||
| 003 | BR-BrBNA | ||
| 005 | 20231205111810.0 | ||
| 007 | ta | ||
| 008 | 230509b bl.|||p| |||| 00| 00por d | ||
| 040 |
_aBR-BrBNA _bpor _cBiblioteca Nacional de Agricultura |
||
| 041 | _a(Pt) | ||
| 072 | _aL73; L01 | ||
| 100 | 1 | _aAndreatti Filho, R.L. | |
| 100 | 1 | _aRibeiro, A.R. | |
| 100 | 1 | _aCrocci, A.J. | |
| 245 | 1 | _aEfeito in vitro da umidade na cama de matrizes pesadas e nas fezes de poedeiras sobre Salmonella enteritidis | |
| 650 | _aGALINHA PARA POSTURA | ||
| 650 | _aMATRIZ | ||
| 650 | _aUMIDADE | ||
| 650 | _aFEZES | ||
| 650 | _aSALMONELOSE | ||
| 773 | 0 |
_tA Hora Veterinária (Brazil) _xISSN 0101-9163 _g(Sep-Oct 2004), v. 24(141) p. 32-35 _wBR0804318 |
|
| 909 |
_a202311 _bLúcia _c55 _dLúcia Elande |
||
| 942 |
_2AGRIS _n0 _cANA |
||
| 999 |
_c194534 _d194534 |
||